Компьютерное схемотехническое моделирование электронных устройств; Схемотехника; № 12

Bibliografiske detaljer
Parent link:Схемотехника: научно-технический журнал.— , 2002-2007
№ 12.— 2004.— С. 37-38
Hovedforfatter: Кардашев Г.
Sprog:russisk
Udgivet: 2004
Serier:СОФТ
Fag:
Format: MixedMaterials Book Chapter
KOHA link:https://koha.lib.tpu.ru/cgi-bin/koha/opac-detail.pl?biblionumber=395227

MARC

LEADER 00000naa2a2200000 4500
001 395227
005 20231101064606.0
035 |a (RuTPU)RU\TPU\prd\32417 
090 |a 395227 
100 |a 20050207a2004 k y0rusy50 ca 
101 0 |a rus 
102 |a RU 
200 1 |a Компьютерное схемотехническое моделирование электронных устройств  |f Г. Кардашев 
225 1 |a СОФТ 
311 |a Продолжение. Начало: 2003, №5. 
461 1 |0 (RuTPU)RU\TPU\prd\2494  |t Схемотехника  |o научно-технический журнал  |d 2002-2007 
463 1 |0 (RuTPU)RU\TPU\prd\31609  |t № 12  |v С. 37-38  |d 2004 
610 1 |a моделирование 
610 1 |a схемотехническое моделирование 
610 1 |a компьютерное моделирование 
610 1 |a электронные устройства 
610 1 |a моделирование тиристоров 
610 1 |a тиристоры 
700 1 |a Кардашев  |b Г. 
801 1 |a RU  |b 63413507  |c 20050207  |g PSBO 
801 2 |a RU  |b 63413507  |c 20131218  |g PSBO 
942 |c BK